| 000 | 00437cam a2200169ua 4500 | ||
|---|---|---|---|
| 020 | _c345.00 | ||
| 041 |
_aeng _h |
||
| 082 |
_a532 _bSAW/FU |
||
| 100 | _aSawhney, G.S . | ||
| 245 |
_aFundamentals of fluid mecahnics / _cG.S Sawhney. _hTextual Documents |
||
| 260 |
_aNew Delhi : _bI.K International Publishing House , _c2008. |
||
| 300 | _a696 ; . | ||
| 365 | _a345.00 | ||
| 504 | _a | ||
| 942 | _cBK | ||
| 999 |
_c13201 _d13201 |
||